L'ami Fritz / (Record no. 150953)

MARC details
000 -LEADER
campo de control de longitud fija 00612nam a2200193 i 4500
001 - NÚMERO DE CONTROL
campo de control 150953
003 - IDENTIFICADOR DE NÚMERO DE CONTROL
campo de control ES-MaACL
005 - FECHA Y HORA DE LA ÚLTIMA TRANSACCIÓN
campo de control 20230906203755.0
007 - CAMPO FIJO DE DESCRIPCIÓN FÍSICA--INFORMACIÓN GENERAL
campo de control de longitud fija t|
008 - DATOS DE LONGITUD FIJA--INFORMACIÓN GENERAL
campo de control de longitud fija 071114q18501899fr ||||1| fre d
100 0# - ENTRADA PRINCIPAL--NOMBRE DE PERSONA
Nombre de persona Erckmann-Chatrian.
9 (RLIN) 47367
245 12 - MENCIÓN DEL TÍTULO
Título L'ami Fritz /
Mención de responsabilidad, etc. Erckmann-Chatrian ; illustrations de Théophile Schuler.
260 ## - PUBLICACIÓN, DISTRIBUCIÓN, ETC.
Lugar de publicación, distribución, etc. [Paris? :
Nombre del editor, distribuidor, etc. J. Hetzel?,
Fecha de publicación, distribución, etc. 18--?]
300 ## - DESCRIPCIÓN FÍSICA
Extensión 95 p. :
Otras características físicas il. ;
Dimensiones 28 cm.
500 ## - NOTA GENERAL
Nota general Texto a dos columnas.
500 ## - NOTA GENERAL
Nota general Ejemplar falto de portada.
700 1# - ENTRADA AGREGADA--NOMBRE PERSONAL
Nombre de persona Schuler, Théophile.
9 (RLIN) 104756
852 ## - LOCALIZACIÓN
Ubicación ES-MaACL
Número de control de estantería C-1919(2)
condición física . - Encuadernado con otras obras
Holdings
Estatus retirado Estado de pérdida Estado de daño No para préstamo Biblioteca de origen Biblioteca actual Ubicación en estantería Fecha de adquisición Fuente de adquisición Total de préstamos Signatura topográfica completa Código de barras Visto por última vez Precio de reemplazo Tipo de ítem Koha
        Biblioteca del Ateneo de Madrid Biblioteca del Ateneo de Madrid Galería 17/01/2008     C-1919(2) 1157518 23/02/2023 23/02/2023 Libro impreso antiguo